Longest-serving Prime Ministers of European Union countries - Statistics

General Stats
  • This quiz has been taken 32 times
  • The average score is 19 of 27
Answer Stats
Prime Minister Country % Correct
Helmut Kohl (1982-1998) Germany
100%
Viktor Orbán (2010-incumbent) Hungary
100%
Silvio Berlusconi (1994-1995, 2001-2006, 2008-2011) Italy
100%
Aníbal António Cavaco Silva (1985-1995) Portugal
93%
Felipe González (1982-1996) Spain
93%
Mark Rutte (2010-2024) The Netherlands
93%
Konstantinos Simitis (1996-2004) Greece
89%
Spyros Kyprianou (1977-1988) Cyprus
85%
Paavo Lipponen (1995-2003) Finland
78%
Donald Tusk (2007-2014, 2023-incumbent) Poland
78%
Wilfried Martens (1979-1981, 1981-1992) Belgium
74%
Thorvald Stauning (1929-1942) Denmark
74%
Georges Pompidou (1962-1968) France
70%
Adrian Năstase (2000-2004) / Călin Popescu-Tăriceanu (2004-2008) Romania
70%
Tage Erlander (1946-1969) Sweden
70%
Andrej Babiš (2017-2021) Czechia
67%
Janez Drnovšek (1992-2000) Slovenia
67%
Boyko Borisov (2014-2017, 2017-2021) Bulgaria
63%
Andrej Plenković (2016-incumbent) Croatia
59%
Algirdas Brazauskas (2001-2006) Lithuania
59%
Pierre Werner (1959-1974, 1979-1984) Luxembourg
59%
Bruno Kreisky (1970-1983) Austria
56%
Bertie Ahern (1997-2008) Ireland
48%
Mikuláš Dzurinda (1998-2006) Slovakia
44%
Valdis Dombrovskis (2009-2014) Latvia
41%
Andrus Ansip (2005-2014) Estonia
30%
Dom Mintoff (1971-1984) Malta
30%
No matching quizzes found
Score Distribution
Percent of People with Each Score
Percentile by Number Answered
Your Score History
You have not taken this quiz